Sociálna fotografia na Slovensku : obsah, dejiny, súvislosti, prínosy /

Saved in:
Bibliographic Details
Main Author: Hlaváč, Ľudovít
Format: Book
Language:Slovak
Published: Bratislava : Pallas, 1974.
Edition:1. vyd.
Series:Mimo edície
Subjects:
Tags: Add Tag
No Tags, Be the first to tag this record!
LEADER 00762cam a22002651i 4500
001 005012990-2
005 20020606095253.2
008 790907s1974 cs a b 000 0 slo
010 |a  75563136 //r92 
015 |a CzS74 
020 |c Kčs60.00 
035 0 |a ocm06146346 
040 |a DLC  |c DLC  |d HFL 
050 0 0 |a TR820.5  |b .H57 
100 1 |a Hlaváč, Ľudovít 
245 1 0 |a Sociálna fotografia na Slovensku :  |b obsah, dejiny, súvislosti, prínosy /  |c Ľudovít Hlaváč. 
250 |a 1. vyd. 
260 |a Bratislava :  |b Pallas,  |c 1974. 
300 |a 257 p. :  |b ill. ;  |c 30 cm. 
490 0 |a Mimo edície 
504 |a Includes bibliographical references. 
650 0 |a Documentary photography. 
650 0 |a Photojournalism. 
988 |a 20020608 
906 |0 DLC